Masas y élites en iberoamérica
Saved in:
| Main Author: | |
|---|---|
| Format: | Book |
| Language: | Spanish |
| Published: |
Buenos Aires
Columba
1956
|
| Edition: | 2a. ed |
| Series: | Esquemas, 10
|
| Subjects: | |
| Tags: |
Add Tag
No Tags, Be the first to tag this record!
|
MARC
| LEADER | 00000nam a2200000 a 4500 | ||
|---|---|---|---|
| 001 | UCP5926 | ||
| 003 | CL-VaPUC | ||
| 008 | 991001e19560000AG |||||||||||||||||spa|d | ||
| 082 | 0 | 4 | |a 305.5 |b PAL |2 21 |
| 100 | |a Palacios, Alfredo Lorenzo |e autor |9 460699 | ||
| 245 | 1 | 0 | |a Masas y élites en iberoamérica |
| 250 | |a 2a. ed | ||
| 300 | |a 87 p | ||
| 942 | |c BK | ||
| 945 | |d 19991001 00:00:00 |a crobeson | ||
| 260 | |a Buenos Aires |b Columba |c 1956 | ||
| 650 | 0 | |a Clases sociales |9 256858 | |
| 650 | 7 | |a ELITE |2 CL-VaPUC |9 374366 | |
| 650 | 7 | |a MASAS |2 CL-VaPUC |9 355247 | |
| 650 | 0 | |a Conflicto social |9 255404 | |
| 650 | 0 | |a Indígenas |9 317064 | |
| 650 | 7 | |a CRIOLLOS |2 CL-VaPUC |9 373432 | |
| 650 | 0 | |a Lucha de clases |9 403122 | |
| 651 | 0 | |a América Latina |9 255027 | |
| 583 | |a last modification |c 19991001 00:00:00 |k Rodrigo Vera | ||
| 490 | 0 | |a Esquemas, 10 | |
| 999 | |c 283563 |d 283561 | ||
| 952 | |0 0 |1 0 |4 0 |6 305_500000000000000_PAL_1956 |7 0 |8 A |9 326827 |a BIBHIS |b BIBHIS |d 2019-11-20 |i 1358073 |o 305.5 PAL 1956 |p 1358073 |r 2025-01-20 |w 2019-11-20 |y BK |k HIS | ||